[Event "Ch Bulgaria (team)"]
[Site "masterchessopen.com Albena (Bulgaria)"]
[Date "2010.05.29"]
[Round "3"]
[White "Grigorov Grigor (BUL)"]
[Black "Lalev Dimitar (BUL)"]
[Result "1/2-1/2"]
[WhiteElo "2493"]
[BlackElo "2384"]

1.d4 Nf6 2.c4 e6 3.Nc3 Bb4 4.Qc2 d6 5.a3 Bxc3+ 6.Qxc3 Nbd7 7.Bg5 Qe7 8.e3 e5
9.Ne2 h6 10.Bh4 Nf8 11.f3 Ng6 12.Bf2 d5 13.cxd5 Nxd5 14.Qb3 Nf6 15.e4 O-O
16.O-O-O Rd8 17.Nc3 c6 18.Qb4 Qc7 19.Be2 a5 20.Qc4 exd4 21.Rxd4 Be6 22.Qc5 Nf4
23.g3 Rxd4 24.Qxd4 Rd8 25.Qe3 Nxe2+ 26.Nxe2 c5 27.Rd1 Rxd1+ 28.Kxd1 Qd7+
29.Ke1 Qb5 30.Nf4 Qb3 31.Qxc5 Qxf3 32.Kd2 Nd7 33.Qc8+ Kh7 34.Nd3 Qxe4 35.Qc7
{#d} 1/2-1/2

[Event "It (open)"]
[Site "masterchessopen.com Tres Cantos (Spain)"]
[Date "2010.06.24"]
[Round "6"]
[White "Taboas Rodriguez Daniel (ESP)"]
[Black "Hernando Pertierra Jose C (ESP)"]
[Result "1-0"]
[WhiteElo "2381"]
[BlackElo "2388"]

1.d4 Nf6 2.c4 e6 3.Nc3 Bb4 4.Qc2 d6 5.Bd2 O-O 6.a3 Bxc3 7.Bxc3 b6 8.e4 Bb7
9.f3 Qe7 10.e5 Nh5 11.O-O-O Kh8 12.Nh3 dxe5 13.dxe5 g6 14.Qd2 Ng7 15.Bd3 Rg8
16.Ng5 Nd7 17.g4 Rgf8 18.h4 Rad8 19.Qf4 Nxe5 20.Qxe5 f6 21.Qh2 e5 22.Ne4 Rde8
23.g5 f5 24.Nf6 Bxf3 25.Nxe8 Rxe8 26.Rhe1 e4 27.Be2 Bxe2 28.Rxe2 Kg8 29.Red2
e3 30.Rd7 e2 31.Rxe7 exd1=Q+ 32.Kxd1 Rxe7 33.Qd2 Ne6 34.Bf6 Rf7 35.Qd5 Nf8
36.b4 c5 37.bxc5 bxc5 38.Qxc5 Rd7+ 39.Ke2 Kf7 40.Qc6 a5 41.c5 Ra7 42.Qb6 {#r}
1-0

[Event "It (cat.7)"]
[Site "masterchessopen.com Villa Martelli (Argentina)"]
[Date "2010.08.10"]
[Round "7"]
[White "Fusco Leonardo (ARG)"]
[Black "Trois Francisco R T (BRA)"]
[Result "1-0"]
[WhiteElo "2359"]
[BlackElo "2309"]

1.d4 Nf6 2.c4 e6 3.Nc3 Bb4 4.Qc2 d6 5.Bg5 Nbd7 6.e3 c5 7.dxc5 Nxc5 8.Ne2 h6
9.Bxf6 Qxf6 10.a3 Bxc3+ 11.Nxc3 O-O 12.Rd1 Rd8 13.b4 Na6 14.Be2 Nc7 15.O-O d5
16.cxd5 Nxd5 17.Nxd5 exd5 18.Bf3 Bf5 19.Qc7 Rd7 20.Qc5 b6 21.Qb5 Rad8 22.Rd4
Be6 23.Rfd1 Qg6 24.Qc6 Rd6 25.Qa4 R6d7 26.g3 f5 27.Qc6 Qf7 28.Qc3 Qf6 29.Qd2
Qf7 30.Rd3 g5 31.Rd4 Kh7 32.Qd3 Kg7 33.Qd2 Kh7 34.Be2 Kg7 35.Bf3 Kh7 36.Rc1
Rd6 37.h4 Kg6 38.Kg2 g4 39.Bd1 Rc8 40.Rxc8 Bxc8 41.Qc2 Qb7 42.Bxg4 {#r} 1-0

[Event "Cup Prospero A Pichay (open)"]
[Site "masterchessopen.com Manila (Philippines)"]
[Date "2010.08.26"]
[Round "9"]
[White "Bhagwat Vinod (IND)"]
[Black "Cheah Cheok Fung (MAS)"]
[Result "1-0"]
[WhiteElo "2175"]
[BlackElo "2003"]

1.d4 Nf6 2.c4 e6 3.Nc3 Bb4 4.Qc2 d6 5.Nf3 O-O 6.Bd2 Qe7 7.a3 Bxc3 8.Bxc3 Nc6
9.e3 e5 10.dxe5 dxe5 11.Be2 Bg4 12.O-O Rfe8 13.b4 e4 14.Nd4 Nxd4 15.Bxd4 Bxe2
16.Qxe2 Nd7 17.Qg4 f6 18.Rfd1 c5 19.Bc3 Nf8 20.bxc5 Qe6 21.Qg3 Red8 22.Bd4 Ng6
23.h4 Qf5 24.Rdb1 Rd7 25.h5 Qxh5 26.Rb5 Qe2 27.Rab1 Qxc4 28.Rxb7 Rad8 29.Rxd7
Rxd7 30.Rb8+ Nf8 31.Qg4 Qd5 32.Re8 f5 33.Qg3 Rb7 34.Rb8 f4 35.Qxf4 Rf7 36.Qg3
Qh5 37.Qh3 Qd1+ 38.Kh2 Rxf2 39.Bxg7 Rf1 40.Qe6+ Kxg7 41.Rb7+ Kh8 {#r} 1-0

[Event "Ch World (universities)"]
[Site "masterchessopen.com Zuerich (Switzerland)"]
[Date "2010.09.10"]
[Round "7"]
[White "Miljkovic Miroslav (SRB)"]
[Black "Lysyj Igor (RUS)"]
[Result "1/2-1/2"]
[WhiteElo "2510"]
[BlackElo "2638"]

1.d4 e6 2.c4 Nf6 3.Nc3 Bb4 4.Qc2 d6 5.e3 c5 6.Bd3 Nc6 7.Ne2 e5 8.d5 Bxc3+
9.bxc3 Ne7 10.O-O Ng6 {#d} 1/2-1/2

[Event "Memorial Ipavec (open)"]
[Site "masterchessopen.com Sentjur (Slovenia)"]
[Date "2010.09.19"]
[Round "5"]
[White "Nikolov Sasho (BUL)"]
[Black "Tratar Marko (SLO)"]
[Result "1/2-1/2"]
[WhiteElo "2438"]
[BlackElo "2475"]

1.d4 Nf6 2.c4 e6 3.Nc3 Bb4 4.Qc2 d6 5.a3 Bxc3+ 6.Qxc3 O-O 7.g3 Qe7 8.Bg2 e5
9.dxe5 dxe5 10.Nf3 Re8 11.O-O a5 12.b3 Nc6 13.Bb2 h6 14.Rfd1 Bf5 15.Nh4 Be4
16.Bxe4 Nxe4 17.Qf3 Ng5 18.Qg4 Nd4 19.Nf5 Nxf5 20.Qxf5 Qe6 21.Qxe6 Rxe6 22.Rd5
f6 23.a4 Rb6 24.Ra3 Ne6 25.Bc3 c5 26.e3 e4 27.Kf1 Kf7 28.Ke2 Ke7 29.h4 Rd6
30.Rxd6 Kxd6 31.Ra2 b6 32.Rd2+ Ke7 33.g4 Rd8 34.Rxd8 Nxd8 35.Kf1 g5 {#d}
1/2-1/2

[Event "Match"]
[Site "masterchessopen.com Vraz (Czech Republic)"]
[Date "2010.10.12"]
[Round "4"]
[White "Hort Vlastimil (GER)"]
[Black "Korchnoi Viktor (SUI)"]
[Result "1/2-1/2"]
[WhiteElo "2473"]
[BlackElo "2548"]

1.d4 Nf6 2.c4 e6 3.Nc3 Bb4 4.Qc2 d6 5.Nf3 c5 6.e3 Nc6 7.Bd2 e5 8.dxe5 dxe5
9.a3 Bxc3 10.Bxc3 Qe7 11.Be2 O-O 12.O-O Bg4 13.h3 Bh5 14.Nxe5 Nxe5 15.Bxh5
Nxh5 16.Qf5 Nxc4 17.Qxh5 Nb6 18.Rfd1 Rfd8 19.a4 Nd7 20.Qg4 Nf6 21.Qg5 b6
22.Kf1 Kf8 23.Qh4 Kg8 24.Qg5 Kf8 25.Qh4 Kg8 26.Qg5 {#d} 1/2-1/2

[Event "Ch Central Serbia"]
[Site "masterchessopen.com Valjevo (Serbia)"]
[Date "2010.11.08"]
[Round "1"]
[White "Radovanovic Zoran (SRB)"]
[Black "Kojovic Dragan (SRB)"]
[Result "0-1"]
[WhiteElo "2074"]
[BlackElo "2388"]

1.d4 Nf6 2.c4 e6 3.Nc3 Bb4 4.Qc2 d6 5.a3 Bxc3+ 6.Qxc3 Nc6 7.Nf3 Qe7 8.Bg5 h6
9.Bh4 g5 10.Bg3 Ne4 11.Qd3 f5 12.h4 Nxg3 13.fxg3 g4 14.Nd2 Qf6 15.e3 e5 16.d5
e4 17.Qc3 Qxc3 18.bxc3 Na5 19.Rb1 b6 20.Nb3 Nxb3 21.Rxb3 Bd7 22.Be2 Ke7 23.Kd2
Kf6 24.Rb4 Ke5 25.Bd1 Rac8 26.Rb2 Rh7 27.Bb3 Be8 28.Rd1 c6 29.Kc1 Bf7 30.dxc6
Rxc6 31.Rbd2 b5 32.Kb2 bxc4 33.Bc2 Be6 34.Ka2 Rb7 35.Rb1 Rcb6 36.Rxb6 Rxb6
37.Bd1 d5 38.Rb2 Kd6 39.Rxb6+ axb6 40.Kb2 Bd7 41.Kc1 Kc5 42.Kd2 Kb5 43.Kc1 Ka5
44.Kb2 f4 45.gxf4 g3 46.Be2 Bh3 47.Bf1 Bg4 48.Kc2 Kb5 49.Kb2 Kc5 50.Kc2 Kd6
51.Kd2 b5 52.Be2 Bxe2 53.Kxe2 Ke6 54.Ke1 Kf5 55.Ke2 Kg4 56.Ke1 Kxh4 57.Ke2 Kg4
{#R} 0-1

[Event "Ch Central Serbia"]
[Site "masterchessopen.com Valjevo (Serbia)"]
[Date "2010.11.09"]
[Round "2"]
[White "Stojanovic Dobrisav (SRB)"]
[Black "Milanovic Danilo (SRB)"]
[Result "0-1"]
[WhiteElo "2346"]
[BlackElo "2499"]

1.d4 Nf6 2.c4 e6 3.Nc3 Bb4 4.Qc2 d6 5.Nf3 Nbd7 6.e3 e5 7.Be2 O-O 8.O-O Re8
9.Bd2 Nf8 10.dxe5 dxe5 11.a3 Bd6 12.Nb5 e4 13.Nxd6 Qxd6 14.c5 Qd5 15.Nd4 Qg5
16.Rfc1 c6 17.b4 Ng6 18.b5 Bh3 19.g3 Ne5 20.bxc6 bxc6 21.f4 exf3 22.Nxf3 Qh5
23.Nd4 Bg4 24.Re1 Rad8 25.Ba5 Rd5 26.Rac1 Bxe2 27.Rxe2 Neg4 28.Qd2 Ne4 29.Qa2
Rxc5 30.Rxc5 Qxc5 31.Be1 h6 32.h3 Ngf6 33.Qc2 Qh5 34.Qxc6 Qxh3 35.Rh2 Qg4
36.Qc2 Ng5 37.Qe2 Qe4 38.Rh4 Qb1 39.Kg2 Rb8 40.Bb4 {#R} 0-1

[Event "Bundesliga B Mitte 2010/11"]
[Site "masterchessopen.com Austria"]
[Date "2010.11.28"]
[Round "5"]
[White "Pesorda Ivan (AUT)"]
[Black "Felsberger Alfred (AUT)"]
[Result "1-0"]
[WhiteElo "2273"]
[BlackElo "2370"]

1.d4 Nf6 2.c4 e6 3.Nc3 Bb4 4.Qc2 d6 5.Nf3 Nc6 6.Bg5 h6 7.Bd2 O-O 8.a3 Bxc3
9.Bxc3 a5 10.e3 Re8 11.Bd3 e5 12.dxe5 dxe5 13.Nd2 Nd4 14.Qb1 a4 15.O-O Nb3
16.Nxb3 axb3 17.Rd1 Qe7 18.Rd2 Bd7 19.Qd1 Ba4 20.Rc1 Rad8 21.Bb4 c5 22.Ba5 Ra8
23.Bc3 e4 24.Be2 Ra6 25.Qf1 Re6 26.g3 Nh7 27.h4 f5 28.Qh3 Rf8 29.Rd5 g6 30.Kh2
Nf6 31.Rd2 h5 32.Bxf6 Rexf6 33.Qf1 Bc6 34.Bd1 R6f7 35.Bxb3 g5 36.Qe2 f4
37.gxf4 g4 38.Kg3 {#r} 1-0

[Event "It (open)"]
[Site "masterchessopen.com Zwijndrecht (Belgium)"]
[Date "2010.12.26"]
[Round "2"]
[White "Stuer Marc (BEL)"]
[Black "Ikonnikov Vyacheslav (RUS)"]
[Result "0-1"]
[WhiteElo "2091"]
[BlackElo "2571"]

1.d4 Nf6 2.c4 e6 3.Nc3 Bb4 4.Qc2 d6 5.a3 Bxc3+ 6.Qxc3 Qe7 7.Nf3 O-O 8.b3 Nbd7
9.Bb2 b6 10.e3 Bb7 11.Be2 Ne4 12.Qc2 f5 13.O-O c5 14.Bd3 Rac8 15.Nd2 d5 16.f3
Nd6 17.Rae1 b5 18.e4 bxc4 19.bxc4 fxe4 20.fxe4 Rxf1+ 21.Rxf1 dxc4 22.Nxc4 cxd4
23.Bxd4 Nxc4 24.Qb3 Ncb6 25.a4 Qd6 26.Qb2 e5 27.Qb3+ Kh8 28.Be3 Nc5 29.Qb4
Qxd3 30.Bxc5 Qxe4 31.Qxe4 Bxe4 32.a5 h6 33.axb6 Rxc5 34.bxa7 Ra5 35.Rf7 Kh7
36.g3 Kg6 37.Rc7 Ra2 38.h4 Rg2+ 39.Kf1 Rxg3 40.Rc4 Bh1 41.Ra4 Ba8 42.Kf2 Rf3+
43.Ke2 Rf4 {#R} 0-1

[Event "Czech League 2010/11 (krajsky prebor)"]
[Site "masterchessopen.com Czech Republic"]
[Date "2011.01.16"]
[Round "0"]
[White "Fuchs Ludek (CZE)"]
[Black "Musil Jiri"]
[Result "1-0"]
[WhiteElo "2046"]
[BlackElo "1946"]

1.d4 Nf6 2.c4 e6 3.Nc3 Bb4 4.Qc2 d6 5.Bg5 Nbd7 6.Nf3 c5 7.e3 b6 8.Bd3 Bb7
9.O-O Bxc3 10.bxc3 Qe7 11.a4 e5 12.e4 h6 13.Bh4 g5 14.Bg3 h5 15.h4 Nh7 16.hxg5
Nxg5 17.Nh4 O-O-O 18.Nf5 Qf6 19.f4 exf4 20.Bxf4 Nf8 21.e5 Qe6 22.d5 {#r} 1-0

[Event "Czech League 2010/11 (krajsky prebor)"]
[Site "masterchessopen.com Czech Republic"]
[Date "2011.01.16"]
[Round "6"]
[White "Komarek David (CZE)"]
[Black "Voboril Pavel (CZE)"]
[Result "1-0"]
[WhiteElo "2154"]
[BlackElo "2024"]

1.d4 Nf6 2.c4 e6 3.Nc3 Bb4 4.Qc2 d6 5.a3 Bxc3+ 6.Qxc3 O-O 7.g3 Bd7 8.Bg2 Bc6
9.Nf3 Ne4 10.Qc2 f5 11.b4 d5 12.b5 Be8 13.Rb1 c6 14.O-O dxc4 15.Qxc4 cxb5
16.Qxe6+ Bf7 17.Qxf5 Nc3 18.Rb2 Bc4 19.Qh3 Nc6 20.Ng5 h6 21.Ne6 Qf6 22.Nxf8
Rxf8 23.e3 Bxf1 24.Bxf1 Nd1 25.Rd2 Nxf2 26.Qg2 Ng4 27.Bxb5 Nxd4 28.Qd5+ Ne6
29.Bc4 Re8 30.h3 Ne5 31.Bb2 Nf3+ 32.Kh1 Qg6 33.Rf2 Qb1+ 34.Kg2 Qg1+ 35.Kxf3
Rf8+ 36.Kg4 Rxf2 37.Qxe6+ Kf8 38.Qg8+ Ke7 39.Qxg7+ {#r} 1-0

[Event "Ch USA (amateur) (team) East"]
[Site "masterchessopen.com Parsippany (USA)"]
[Date "2011.02.19"]
[Round "2"]
[White "Radomskyj Peter (USA)"]
[Black "Sheppard D"]
[Result "1/2-1/2"]
[WhiteElo "2206"]
[BlackElo "2066"]

1.d4 Nf6 2.c4 e6 3.Nc3 Bb4 4.Qc2 d6 5.Nf3 c5 6.e3 Nc6 7.Bd2 Ba5 8.a3 O-O 9.Rd1
Qe7 10.dxc5 dxc5 11.Be2 Bc7 12.O-O b6 13.Bd3 h6 14.Ne4 Ng4 15.h3 Nge5 16.Nxe5
Nxe5 17.Be2 Bb7 18.f4 f5 19.Ng3 Nd7 20.Bf3 Bxf3 21.Rxf3 Nf6 22.Bc3 Rad8 23.Re1
g5 24.e4 gxf4 25.e5 Nh7 26.Rxf4 Qg5 27.Ne2 Qg7 28.Rf3 Kh8 29.Nf4 Qf7 30.h4 Rg8
31.Qf2 Rg4 32.Rg3 Rdg8 33.Rxg4 Rxg4 34.g3 Nf8 35.Nd5 Bd8 36.Ne3 Re4 37.Ng2 Rg4
38.Ne3 Re4 {#d} 1/2-1/2

[Event "Bundesliga B Mitte 2010/11"]
[Site "masterchessopen.com Austria"]
[Date "2011.03.13"]
[Round "8"]
[White "Niederwieser Peter (AUT)"]
[Black "Hellmayr Alois (AUT)"]
[Result "1-0"]
[WhiteElo "2195"]
[BlackElo "2195"]

1.d4 Nf6 2.c4 e6 3.Nc3 Bb4 4.Qc2 d6 5.a3 Bxc3+ 6.Qxc3 Qe7 7.f3 e5 8.dxe5 dxe5
9.Bg5 Nc6 10.e3 Bf5 11.Ne2 h6 12.Bxf6 Qxf6 13.O-O-O O-O 14.g4 Be6 15.Ng3 Qxf3
16.Be2 Qf6 17.h4 Rad8 18.Rdg1 Rd7 19.g5 hxg5 20.Ne4 Qe7 21.hxg5 Bf5 22.Nf6+
{#r} 1-0

[Event "Ch PriFO"]
[Site "masterchessopen.com Toljatti (Russia)"]
[Date "2011.03.15"]
[Round "6"]
[White "Terentiev Vitaly G (RUS)"]
[Black "Kniazev Alexander V (RUS)"]
[Result "1/2-1/2"]
[WhiteElo "2262"]
[BlackElo "2240"]

1.d4 Nf6 2.c4 e6 3.Nc3 Bb4 4.Qc2 d6 5.Bg5 h6 6.Bxf6 Qxf6 7.e3 O-O 8.Bd3 c5
9.Ne2 cxd4 10.Nxd4 Nc6 11.Ne2 a6 12.O-O Ne5 13.Ne4 Qe7 14.a3 Ba5 15.b4 Bc7
16.h3 f5 17.Nd2 Bd7 18.f4 Nxd3 19.Qxd3 b5 20.Nd4 Bb6 21.cxb5 axb5 22.Kh1 e5
23.fxe5 Qxe5 24.Qb3+ Kh7 25.N2f3 Qe4 26.Nd2 Qb7 27.Qd3 Qd5 28.Qb3 Qxb3
29.N2xb3 g6 30.Rfd1 Rf6 31.Rd3 Kg7 32.Nd2 Re8 33.Rc1 g5 34.Rcc3 Kg6 35.g3 Re5
36.N4f3 Re7 37.Nd4 Re8 38.Kg2 Re5 39.N4f3 Re8 40.Nd4 Re5 41.N4f3 Re8 {#d}
1/2-1/2

[Event "Bundesliga B Mitte 2010/11"]
[Site "masterchessopen.com Austria"]
[Date "2011.04.10"]
[Round "11"]
[White "Galyas Miklos (HUN)"]
[Black "Tratar Marko (SLO)"]
[Result "1/2-1/2"]
[WhiteElo "2458"]
[BlackElo "2477"]

1.d4 Nf6 2.c4 e6 3.Nc3 Bb4 4.Qc2 d6 5.a3 Bxc3+ 6.Qxc3 Qe7 7.Nf3 O-O 8.Bg5 Re8
9.e3 e5 10.dxe5 dxe5 11.Nd2 Nbd7 12.Be2 h6 13.Bh4 Ne4 14.Bxe7 Nxc3 15.Bh4 Nxe2
16.Kxe2 b6 17.f3 a5 18.b4 axb4 19.axb4 Bb7 20.Rhd1 f6 21.Bf2 Kf7 22.Nb3 Ke6
23.e4 h5 24.b5 Rxa1 25.Rxa1 Ra8 26.Rxa8 Bxa8 27.c5 bxc5 28.Nxc5+ Nxc5 29.Bxc5
g6 30.b6 cxb6 31.Bxb6 {#d} 1/2-1/2

[Event "Ch Russia (club) (w)"]
[Site "masterchessopen.com Olginka (Russia)"]
[Date "2011.04.22"]
[Round "6"]
[White "Savina Anastasia (RUS)"]
[Black "Rassokhina Ekaterina (RUS)"]
[Result "1-0"]
[WhiteElo "2336"]
[BlackElo "2064"]

1.d4 Nf6 2.c4 e6 3.Nc3 Bb4 4.Qc2 d6 5.a3 Bxc3+ 6.Qxc3 Nbd7 7.Nf3 b6 8.e3 Bb7
9.b4 O-O 10.Be2 Ne4 11.Qc2 f5 12.O-O Ng5 13.Nxg5 Qxg5 14.f3 Qg6 15.Bb2 Qg5
16.Qb3 Rf6 17.Rf2 Rh6 18.Rd1 f4 19.exf4 Qxf4 20.g3 Qf7 21.Rdf1 Rf8 22.Qa4 a6
23.Qc2 e5 24.d5 Bc8 25.f4 Qe7 26.Bg4 Nf6 27.Bxc8 Rxc8 28.fxe5 Ng4 29.Qf5 Re8
30.exd6 cxd6 31.Qxg4 Rg6 32.Qd4 h5 33.Rf4 Rh6 34.Re4 Qd7 35.Rxe8+ {#r} 1-0

[Event "Ch Bulgaria (team) (Gr. A)"]
[Site "masterchessopen.com Albena (Bulgaria)"]
[Date "2011.06.05"]
[Round "4"]
[White "Enchev Ivajlo (BUL)"]
[Black "Lalev Dimitar (BUL)"]
[Result "1-0"]
[WhiteElo "2415"]
[BlackElo "2376"]

1.d4 Nf6 2.c4 e6 3.Nc3 Bb4 4.Qc2 d6 5.a3 Bxc3+ 6.Qxc3 Nbd7 7.f3 e5 8.e4 exd4
9.Qxd4 Nc5 10.Qc3 a5 11.Be3 Qe7 12.Bxc5 dxc5 13.Bd3 O-O 14.Ne2 Rd8 15.O-O Nd7
16.f4 Nf8 17.Rae1 Ne6 18.e5 Nd4 19.Ng3 Ra6 20.f5 Rh6 21.f6 Qf8 22.Ne4 b6
23.fxg7 Qxg7 24.Nf6+ Kh8 25.Re3 Qg5 26.Qe1 Bb7 27.Rg3 Qh4 28.Ng4 Rh5 29.h3 Bc8
30.Nf6 Rg5 31.Rxg5 Qxg5 32.Nxh7 Qh6 33.e6 Nxe6 34.Qe5+ Kg8 35.Rf3 Rxd3 36.Nf6+
{#r} 1-0

[Event "It (open)"]
[Site "masterchessopen.com Bussum (Netherlands)"]
[Date "2011.06.10"]
[Round "1"]
[White "Lombaers Peter (NED)"]
[Black "Dgebuadze Alexandre (BEL)"]
[Result "0-1"]
[WhiteElo "2139"]
[BlackElo "2544"]

1.d4 Nf6 2.c4 e6 3.Nc3 Bb4 4.Qc2 d6 5.a3 Bxc3+ 6.Qxc3 Nbd7 7.Bg5 b6 8.e3 Bb7
9.Ne2 h6 10.Bh4 g5 11.Bg3 h5 12.f3 h4 13.Bf2 h3 14.e4 hxg2 15.Bxg2 Qe7 16.Qe3
O-O-O 17.O-O-O Kb8 18.Ng3 Nh5 19.Nxh5 Rxh5 20.h4 gxh4 21.Rh2 e5 22.Rdh1 exd4
23.Qxd4 Rdh8 24.Bh3 Ne5 25.Qc3 Qf6 26.Bf5 Rxf5 27.exf5 Qxf5 28.Rxh4 Rxh4
29.Rxh4 Nd3+ 30.Kd2 Nxf2 31.Ke2 Nh3 32.Qh8+ Bc8 {#R} 0-1

[Event "Cup Baltija (open)"]
[Site "masterchessopen.com Palanga (Lithuania)"]
[Date "2011.06.23"]
[Round "8"]
[White "Petrovskis Olegs (LAT)"]
[Black "Zalimaite Ieva (LTU)"]
[Result "1/2-1/2"]
[WhiteElo "1897"]
[BlackElo "1904"]

1.d4 e6 2.c4 Bb4+ 3.Nc3 Nf6 4.Qc2 d6 5.Nf3 Qe7 6.e4 Bxc3+ 7.bxc3 e5 8.d5 h6
9.Be2 Bg4 10.h3 Bh5 11.Be3 Nbd7 12.O-O O-O 13.Rfe1 Nb6 14.Nd2 Bxe2 15.Rxe2 Qd7
16.c5 Qa4 17.Qd3 Nbd7 18.cxd6 cxd6 19.c4 Rac8 20.Qb3 Qa6 21.Ree1 Nc5 22.Bxc5
Rxc5 23.Rab1 {#d} 1/2-1/2

[Event "It (open)"]
[Site "masterchessopen.com Cagliari (Italy)"]
[Date "2011.06.25"]
[Round "5"]
[White "Markos Jan (SVK)"]
[Black "Timman Jan H (NED)"]
[Result "1-0"]
[WhiteElo "2596"]
[BlackElo "2555"]

1.d4 Nf6 2.c4 e6 3.Nc3 Bb4 4.Qc2 d6 5.e3 c5 6.Bd3 O-O 7.Ne2 Nbd7 8.O-O d5
9.Rd1 cxd4 10.exd4 dxc4 11.Bxc4 Nb6 12.Bb3 Nfd5 13.Nf4 Bd6 14.Qe4 Nxc3 15.bxc3
Qc7 16.Rd3 g6 17.Nh3 f5 18.Qf3 Bxh2+ 19.Kh1 Bd6 20.Bh6 Bd7 21.Bxf8 Rxf8 22.Ng5
Nc4 23.Qe2 b5 24.Rh3 Qd8 25.Nxe6 Qe7 26.Re1 Rc8 27.Nc5 Qxe2 28.Rxe2 Bxc5
29.dxc5 f4 30.Rd3 Bf5 31.Rd4 f3 32.Re7 fxg2+ 33.Kxg2 {#r} 1-0

[Event "It (open)"]
[Site "masterchessopen.com Pornic (France)"]
[Round "2"]
[White "Heymes Jean Michel (FRA)"]
[Black "Lazarev Vladimir (FRA)"]
[Result "1-0"]
[WhiteElo "1964"]
[BlackElo "2431"]

1.d4 Nf6 2.c4 e6 3.Nc3 Bb4 4.Qc2 d6 5.Nf3 Nbd7 6.g3 b6 7.Bg2 Bb7 8.O-O Bxc3
9.Qxc3 a5 10.Ne1 Bxg2 11.Nxg2 O-O 12.f3 d5 13.b3 c5 14.dxc5 bxc5 15.cxd5 exd5
16.Bd2 Re8 17.Rfe1 Qb6 18.Kh1 h6 19.Rac1 Qa6 20.Nf4 Qb7 21.Qd3 a4 22.h4 axb3
23.axb3 Ra3 24.Qf5 Rxb3 25.g4 Rb5 26.g5 Re5 27.Qh3 hxg5 28.hxg5 Rxg5 29.Rg1
Rxg1+ 30.Rxg1 Rb1 31.Bc1 Ne8 32.Qf5 Ndf6 33.Kg2 c4 34.Rh1 d4 35.Qh3 Kf8
36.Ba3+ Nd6 37.Bxd6+ Ke8 38.Rxb1 {#r} 1-0

[Event "Ch Slovakia (open)"]
[Site "masterchessopen.com Banska Stiavnica (Slovakia)"]
[Date "2011.07.10"]
[Round "2"]
[White "Likavsky Tomas (SVK)"]
[Black "Vukovic Ivo (CRO)"]
[Result "1/2-1/2"]
[WhiteElo "2486"]
[BlackElo "2238"]

1.d4 Nf6 2.c4 e6 3.Nc3 Bb4 4.Qc2 d6 5.a3 Bxc3+ 6.Qxc3 Nbd7 7.f3 Qe7 8.e4 e5
9.Ne2 O-O 10.Be3 Re8 11.Ng3 Nf8 12.O-O-O h6 13.h4 b6 14.Bd3 c5 15.d5 a6 16.Ne2
Bd7 17.g4 N6h7 18.Ng3 Ng6 19.g5 hxg5 20.hxg5 Nxg5 21.Qd2 f6 22.Nf5 Bxf5
23.exf5 Nf4 24.Bxf4 exf4 25.Rde1 Qc7 26.Qxf4 Kf7 27.Qg4 Rxe1+ 28.Rxe1 Kf8
29.f4 Nf7 30.Qg6 Nh6 31.Re6 Rd8 32.Qh5 Qf7 33.Qh3 Qd7 34.Be2 b5 35.Bh5 bxc4
36.Bg6 Qb7 37.Qc3 Nf7 38.Qf3 Rb8 39.Qe2 c3 40.Bxf7 cxb2+ 41.Kb1 Kxf7 42.Rxd6
Qb3 43.Rd7+ Kg8 44.Rxg7+ Kxg7 {#d} 1/2-1/2

[Event "Memorial L.Polugaevsky (open)"]
[Site "masterchessopen.com Samara (Russia)"]
[Date "2011.07.13"]
[Round "9"]
[White "Dimukhametov Artur (RUS)"]
[Black "Pogonina Natalija (RUS)"]
[Result "0-1"]
[WhiteElo "2337"]
[BlackElo "2446"]

1.d4 Nf6 2.c4 e6 3.Nc3 Bb4 4.Qc2 d6 5.Nf3 Nbd7 6.Bd2 b6 7.e4 e5 8.a3 Bxc3
9.Bxc3 Qe7 10.Bd3 c5 11.d5 Nf8 12.h3 Ng6 13.g3 O-O 14.O-O-O a6 15.Rdf1 Rb8
16.Nd2 b5 17.b3 b4 18.axb4 cxb4 19.Bb2 Nd7 20.h4 Nc5 21.h5 Nh8 22.h6 g6 23.f4
f6 24.g4 Nf7 25.g5 fxg5 26.f5 Bd7 27.fxg6 hxg6 28.h7+ Kh8 29.Be2 a5 30.Qd1 Kg7
31.Qe1 Rh8 32.Qf2 Rbf8 33.Qh2 g4 34.Kb1 Qg5 35.Bc1 Qe3 36.Bd1 Nd3 37.Qh4 Nf4
38.Qe7 Bc8 39.Rxf4 Qxf4 40.Nf3 Qxe4+ 41.Bc2 Qxf3 42.Bh6+ Kxh7 43.Rh4 g3
44.Bxf8+ Kg8 45.Bh6 Rxh6 46.Rxh6 Bf5 47.Rxg6+ Bxg6 48.Bxg6 g2 49.Bxf7+ Qxf7
50.Qd8+ Kg7 {#R} 0-1

[Event "Tournament (open)"]
[Site "masterchessopen.com Kemerovo (Russia)"]
[Date "2011.07.27"]
[Round "4"]
[White "Iskulov Viktor (RUS)"]
[Black "Laptev Evgeniy (RUS)"]
[Result "0-1"]
[WhiteElo "2022"]
[BlackElo "2103"]

1.d4 Nf6 2.c4 e6 3.Nc3 Bb4 4.Qc2 d6 5.a3 Bxc3+ 6.Qxc3 a5 7.Nf3 Nbd7 8.g3 b6
9.Bg2 Bb7 10.O-O O-O 11.Bg5 h6 12.Bf4 Ne4 13.Qc2 f5 14.b4 Qe7 15.Nd2 Ndf6
16.f3 Nxd2 17.Bxd2 e5 18.dxe5 dxe5 19.Qxf5 Ne4 20.fxe4 Rxf5 21.Rxf5 Bc8
22.bxa5 Qc5+ 23.Kh1 Qd4 24.Rd1 Bxf5 25.exf5 Rxa5 {#R} 0-1

[Event "It (open)"]
[Site "masterchessopen.com Davos (Switzerland)"]
[Date "2011.08.08"]
[Round "2"]
[White "Medici Simone (SUI)"]
[Black "Turner Matthew (ENG)"]
[Result "0-1"]
[WhiteElo "2054"]
[BlackElo "2517"]

1.d4 Nf6 2.c4 e6 3.Nc3 Bb4 4.Qc2 d6 5.e4 Bxc3+ 6.bxc3 e5 7.Ba3 exd4 8.cxd4 c5
9.Bb2 cxd4 10.Bxd4 Nc6 11.Bc3 O-O 12.Bd3 Ne5 13.Be2 Be6 14.Rd1 Qb6 15.Bd4 Qa5+
16.Bc3 Qc7 17.Bxe5 dxe5 18.Nf3 Rac8 19.O-O Bg4 20.Rc1 Rfd8 21.Rfd1 Rxd1+
22.Rxd1 g6 23.Rc1 Bxf3 24.Bxf3 b6 25.Be2 Kg7 26.Rd1 Qc5 27.Qd3 Rc7 28.Kf1 h5
29.h3 Rd7 30.Qc2 Rxd1+ 31.Bxd1 Qd4 32.f3 h4 33.Be2 Nh5 34.Ke1 Ng3 35.Qd3 Qg1+
36.Bf1 a5 37.a4 g5 38.c5 Qxc5 39.Qd2 Kg6 40.Qd3 Qc1+ 41.Kf2 Qxf1+ 42.Qxf1 Nxf1
43.Kxf1 Kf6 44.Ke2 Ke6 45.Kd3 Kd6 46.Kc4 Kc6 47.Kb3 Kc5 48.Kc3 b5 49.axb5 Kxb5
50.Kb3 a4+ 51.Ka3 Ka5 52.Ka2 Kb4 53.Kb2 a3+ 54.Ka2 Ka4 55.Ka1 Kb3 56.Kb1 a2+
57.Ka1 Ka3 {#R} 0-1

[Event "It (open)"]
[Site "masterchessopen.com Nikea (Greece)"]
[Date "2011.08.27"]
[Round "2"]
[White "Pantazopoulos Stavros (GRE)"]
[Black "Moutousis Konstantinos (GRE)"]
[Result "0-1"]
[WhiteElo "2109"]
[BlackElo "2431"]

1.d4 Nf6 2.c4 e6 3.Nc3 Bb4 4.Qc2 d6 5.a3 Bxc3+ 6.Qxc3 Nbd7 7.g3 O-O 8.Nf3 b6
9.Bg2 Bb7 10.O-O c5 11.Rd1 Qc7 12.b3 Rac8 13.Bb2 cxd4 14.Qxd4 Nc5 15.Qe3 e5
16.h3 Ne8 17.Nd2 Bxg2 18.Kxg2 f5 19.f4 exf4 20.Qxf4 Qe7 21.Qf3 Nc7 22.b4 N5e6
23.Rf1 Ng5 24.Qd3 Rce8 25.Rae1 Qd7 26.h4 Ne4 27.Nxe4 Rxe4 28.Rf3 Qe6 29.Rf4
Re3 30.Qd4 Rf7 31.Rxf5 Rxg3+ 32.Kxg3 Qxf5 33.Rg1 Ne6 34.Qe3 Nf4 35.Kh2 Re7
36.Rg5 Qxg5 {#R} 0-1

[Event "Ch Europe (juniors) (under 16) (g)"]
[Site "masterchessopen.com Albena (Bulgaria)"]
[Date "2011.09.18"]
[Round "7"]
[White "Huber Elke Carola (AUT)"]
[Black "Soyunlu Narmin (AZE)"]
[Result "1/2-1/2"]
[WhiteElo "1659"]
[BlackElo "1827"]

1.d4 e6 2.c4 Nf6 3.Nc3 Bb4 4.Qc2 d6 5.Bg5 Bxc3+ 6.Qxc3 h6 7.Bh4 Nbd7 8.e3 g5
9.Bg3 Ne4 10.Qc2 f5 11.Bd3 Ndf6 12.Ne2 Qe7 13.Nc3 Nxc3 14.Qxc3 Bd7 15.f3 a6
16.Qc2 Kf7 17.e4 f4 18.Bf2 e5 19.Qb3 Rab8 20.c5+ Kg7 21.cxd6 cxd6 {#d} 1/2-1/2